Statistics for College Football: SEC Heisman Trophy Winners

Click here to take the quiz!

General Stats

  • This quiz has been taken 1,568 times
    (1,379 since last reset)
  • The average score is 6 of 12

Answer Stats

YearHeisman Winner% Correct
2010Cam Newton
82%
2007Tim Tebow
72%
2009Mark Ingram
71%
2012Johnny Manziel
70%
1985Bo Jackson
57%
1982Herschel Walker
56%
1966Steve Spurrier
39%
1996Danny Wuerffel
37%
1980George Rogers
27%
1971Pat Sullivan
21%
1959Billy Cannon
20%
1942Frank Sinkwich
12%

Score Distribution

Percentile by Number Answered

Percent of People with Each Score

Your Score History

You have not taken this quiz since the last reset